[Event "GER-chT U16"]
[Site "Neumarkt in der Oberpfalz"]
[Date "2016.12.29"]
[Round "6.2"]
[White "Von Schlippe, Nikolai"]
[Black "Moeller, Lisa Marie"]
[Result "1-0"]
[WhiteElo "2026"]
[BlackElo "1765"]
[PlyCount "63"]
[EventDate "2016.12.27"]
[EventType "team-swiss"]
[EventRounds "7"]
[EventCountry "GER"]
[SourceTitle "EXT 2018"]
[Source "ChessBase"]
[SourceDate "2017.10.13"]
[SourceVersion "1"]
[SourceVersionDate "2017.10.13"]
[SourceQuality "1"]
[WhiteTeam "Graefelfing"]
[BlackTeam "Paderborn Blauer Springer"]
[WhiteTeamCountry "GER"]
[BlackTeamCountry "GER"]

1. b3 c5 2. Bb2 Nc6 3. Nf3 Nf6 4. e3 g6 5. d4 cxd4 6. exd4 d5 7. Ne5 Bg7 8. Nd2 0-0 9. Be2 Qc7 10. 0-0 Nd7 11. f4 Ndxe5 12. dxe5 Bd7 13. Nf3 e6 14. Kh1 Rac8 15. Qe1 Ne7 16. Bd3 Bc6 17. g4 Qd7 18. Qh4 Rfe8 19. Nd4 Kh8 20. Rae1 Ng8 21. f5 exf5 22. gxf5 Bxe5 23. Rxe5 Rxe5 24. Nxc6 bxc6 25. Bxe5+ f6 26. Bxf6+ Nxf6 27. Qxf6+ Qg7 28. fxg6 Qxf6 29. Rxf6 hxg6 30. Rxg6 c5 31. Rd6 d4 32. Rd7 1-0

[Event "Regionalliga SO 1617"]
[Site "Bayern"]
[Date "2016.12.04"]
[Round "3.2"]
[White "Kieffer, Joachim"]
[Black "Von Schlippe, Nikolai"]
[Result "1/2-1/2"]
[WhiteElo "2112"]
[BlackElo "2032"]
[PlyCount "88"]
[EventDate "2016.10.16"]
[EventType "team-tourn"]
[EventRounds "9"]
[EventCountry "GER"]
[SourceTitle "EXT 2019"]
[Source "ChessBase"]
[SourceDate "2018.10.10"]
[SourceVersion "1"]
[SourceVersionDate "2018.10.10"]
[SourceQuality "1"]
[WhiteTeam "Bruckmuehl"]
[BlackTeam "Graefelfing"]
[WhiteTeamCountry "GER"]
[BlackTeamCountry "GER"]

1. d4 Nf6 2. c4 e6 3. Nc3 d5 4. cxd5 exd5 5. Bg5 c6 6. Qc2 Bd6 7. e3 0-0 8. Bd3 h6 9. Bh4 a6 10. Nf3 Qe7 11. 0-0-0 b5 12. Rhg1 Qe6 13. g4 Ne4 14. Bxe4 dxe4 15. Nxe4 Bb4 16. Kb1 Qd5 17. Nfd2 a5 18. Nc3 Bxc3 19. Qxc3 Be6 20. Nb3 Na6 21. Nc1 Bxg4 22. Rd2 Be6 23. Ka1 b4 24. Qd3 Bf5 25. e4 Qxe4 26. Qxe4 Bxe4 27. Nd3 f6 28. Nc5 Nxc5 29. dxc5 Bd5 30. Re2 Kf7 31. Rge1 Ra7 32. Bg3 Raa8 33. Bd6 Rfe8 34. Rxe8 Rxe8 35. Rxe8 Kxe8 36. b3 Kd7 37. Bf8 g5 38. Bxh6 Ke7 39. Kb2 Be4 40. a3 Bf3 41. axb4 axb4 42. Kc2 Be4+ 43. Kd2 Bd5 44. Kc2 Be4+ 1/2-1/2